Charakteristika demontážnych procesov a ich doterajšie využitie v praxi = Charakteristics of disassebly processes and utilization of them into actual praxis : Bakalárska práca

Salvato in:
Dettagli Bibliografici
Autore principale: Horváth, Marián (Autore)
Altri autori: Zvolenský, Radovan (xxx)
Natura: Manoscritto Libro
Lingua:slovacco
Pubblicazione: Trnava : STU v Bratislave MTF UVSM KTZS, 2007
Soggetti:
Tags: Aggiungi Tag
Nessun Tag, puoi essere il primo ad aggiungerne!!

MARC

LEADER 00000ntm a22000003a 4500
001 stu146275
005 20160719155711.6
008 071005s2007----xo------------------slo-d
040 |a STU  |b slo 
041 0 |a slo 
044 |a xo 
100 1 |a Horváth, Marián  |4 aut 
245 1 |a Charakteristika demontážnych procesov a ich doterajšie využitie v praxi = Charakteristics of disassebly processes and utilization of them into actual praxis :  |b Bakalárska práca 
260 |a Trnava :  |b STU v Bratislave MTF UVSM KTZS,  |c 2007 
300 |a 50 s  |c 1 CD-ROM 
500 |a Odbor: Technologické zariadenia a systémy 
650 7 |a demontáž  |2 stusub 
650 7 |a recyklácia  |2 stusub 
700 1 |a Zvolenský, Radovan  |4 xxx  |u M150  |U MTF Ústav výrobných technológií  |T MTF Katedra tvárnenia  |U M150  |Y M150 
996 |b 284M066167  |c M*BP-2583  |l MMSKP  |s P  |a 0  |w stu146275_0001